114_ Personnalités nées un 24 avril par images - Statistiques

Statistiques générales
  • Ce quiz a été pris 34 fois
  • Le résultat moyen est 3 sur 9
Statistiques - réponses
Par images Hint Réponse % Correct
Styliste Jean-Paul Gaultier
79%
Chanteuse Véronique Sanson
76%
Dirigeant Politique Philippe Pétain
65%
Chanteuse et Actrice Barbra Streisand
24%
Footballeur José Touré
6%
Golfeuse Lydia Ko
3%
Écrivain Christian Bobin
0%
Acteur Jordan Fisher
0%
Militaire Joseph Gallieni
0%
Aucun quiz correspondant
Distribution des résultats
% des personnes avec chaque résultat
Percentile par nombre de réponses
Votre historique - résultats
Vous n’avez pas pris ce quiz